000 00486nam a2200181Ia 4500
001 13605
005 20260306164813.0
008 260306t2011||||xx |||||||||||||| ||spa||
041 _aESP
082 _a005.1
_bCH574
100 _aChrissis, Mary Beth
_eAUT
245 0 _aCMMI for development:
_bguidelines for process integration and product improvement
260 _c2011
300 _axxiv, 650 páginas :
_c24 cm.
650 _aGEN
654 _aCCC
942 _cLIB
_dJUS
_fJUS
_2ddc
_n
999 _c13605
_d13605